Fuel cells principles and applications (Record no. 2729)

000 -LEADER
fixed length control field 00438nam a22001457a 4500
008 - FIXED-LENGTH DATA ELEMENTS--GENERAL INFORMATION
fixed length control field 200316b ||||| |||| 00| 0 eng d
020 ## - INTERNATIONAL STANDARD BOOK NUMBER
International Standard Book Number 9788173715570
100 ## - MAIN ENTRY--PERSONAL NAME
9 (RLIN) 2185
Personal name Vishwanathan, B.
245 10 - TITLE STATEMENT
Title Fuel cells principles and applications
260 ## - PUBLICATION, DISTRIBUTION, ETC. (IMPRINT)
Place of publication, distribution, etc Hyderabad:
Name of publisher, distributor, etc Universities Press,
Date of publication, distribution, etc 2008.
300 ## - PHYSICAL DESCRIPTION
Extent x,494p.
650 #0 - SUBJECT ADDED ENTRY--TOPICAL TERM
Topical term or geographic name as entry element Fuel Cell
700 ## - ADDED ENTRY--PERSONAL NAME
9 (RLIN) 2348
Personal name Scibioh, M. Aulice
942 ## - ADDED ENTRY ELEMENTS (KOHA)
Item type Books
Holdings
Withdrawn status Lost status Source of classification or shelving scheme Damaged status Not for loan Permanent location Current location Date acquired Source of acquisition Total Checkouts Full call number Barcode Date last seen Date last borrowed Cost, replacement price Koha item type
          IMU Kolkata IMU Kolkata 2010-03-12 Jyoti, the Book People 1 621.312429 V8349 10966 2024-08-06 2024-01-22 595.00 Books
Designed and Maintained by IMU-KC Library, Kolkata Campus © Copyright All Rights Reserved

webs counters

Powered by Koha